K.u.K. Kolonialismus als Befund, Befindlichkeit und Methapher

Titel: K.u.K. Kolonialismus als Befund, Befindlichkeit und Methapher : Versuch einer weiteren Klärung
Verfasser:
In: Habsburg postcolonial, (2003), Seite 111-128
alle Artikel anzeigen
Veröffentlicht: 2003
Format: Aufsatz
Sprache: Deutsch
Kein Bild verfügbar
X
alg: 39252533
001A    $01999:11-11-16 
001B    $01999:12-03-21 $t19:06:46.000 
001D    $01999:11-11-16 
001U    $0utf8 
001X    $00 
002@    $0Aox 
003@    $039252533X 
007A    $039252533X $aHEB 
007T    $0Herdc0064133m 
010@    $ager 
011@    $a2003 
021A    $aK.u.K. Kolonialismus als Befund, Befindlichkeit und Methapher $dVersuch einer weiteren Klärung 
028A    $aRuthner $dClemens 
031A    $h111-128 $j2003 
039B    $aIn $8--Aau--. Habsburg postcolonial. - Innsbruck {[u.a.] : Studien-Verl., 2003. - 343 S.. - ISBN 3-7065-1886-4 $x200300000000000889 $9115159835 
045F    $a907.209437 $eDDC23BSB 
045F/01 $a907.2 
045F/03 $g437 

lok: 39252533 78

exp: 39252533 78 1 #EPN
201B/01 $019-04-17 $t11:20:10.000 
201U/01 $0utf8 
203@/01 $0788623249 
208@/01 $a11-11-16 $be 
209A/01 $a/ $f000 $x00 
220C/01 $aTitelaufnehmer: pg 
220C/01 $aHerkunft: HI Marburg 
244Z/01 $2Trx $#Kesk- ja Ida- Euroopa kontseptsioonid $#Vidurio Europos koncepcijos $#East-Central Europe $#Keletközépeurópa-eszmék $#Europa Środkowo-Wschodnia koncepcje $#Európa stredovýchodná koncepcie $#Evropa střední, východní část koncepce $#Mitteleuropa $#Osteuropakonzeptionen $#Europa Środkowa koncepcje $#Stredná Európa koncepcie $#Střední Europa koncepce $8--Trx--Ostmitteleuropakonzeptionen $x01 $9391364286 
244Z/01 $aGeschichte 1780-2003 $x02 
244Z/01 $2Trx $#Habsburgeri monarhia $#Habsburgų monarchija $#Habsburgian monarchy $#Habsburgmonarchia $#monarchia habsburska $#Habsburská monarchia $#Habsburská monarchie $8--Trx--Habsburgermonarchie $x03 $9391359606 
244Z/01 $2Trx $#suhted, riiklikud $#santykiai, tautiniai $#relations, national $#kapcsolatok, nemzetközi $#stosunki narodowościowe $#vzťahy národnostné $#vztahy národnostní $8--Trx--Beziehungen, nationale $x04 $9391365924 
244Z/01 $2Trx $#kolonialism $#kolonializmas 1500-1960 $#Koloniālisms 1500-1960 $#Colonialism 1500-1960 $#kolonializmus 1500-1960 $#kolonializm 1500-1960 $#kolonializmus 1500-1960 $#kolonialismus 1500-1960 $8--Trx--Kolonialismus$g1500-1960 $x05 $9391364960 
244Z/01 $2Trx $8--Trx--Einzelbeiträge $x06 $9391384570 
245Z/01 $a01.04 $x01 
247C/01 $82080>Marburg/Lahn, Herder-Institut, Forschungsbibliothek, Bibliographieportal $9336309341
LEADER 00000caa a22000002c 4500
001 39252533X
003 DE-603
005 20210312190646.0
007 tu
008 161111s2003 xx |||| | u00||u|ger c
035 |a (DE-599)HEB39252533X 
040 |a DE-603  |b ger  |c DE-603  |d DE-603 
041 |a ger 
082 0 4 |8 1\u  |a 907.209437  |q DE-101  |2 23/BSB 
085 |8 1\u  |b 907.2 
085 |8 1\u  |z 2  |s 437 
100 1 |a Ruthner, Clemens 
245 0 0 |a K.u.K. Kolonialismus als Befund, Befindlichkeit und Methapher  |b Versuch einer weiteren Klärung 
264 0 |c 2003 
773 0 8 |i In  |t Habsburg postcolonial  |d Innsbruck ˜[u.a.] œ: Studien-Verl., 2003  |h 343 S.  |z 3706518864  |g (2003), Seite 111-128  |w (DE-603)115159835 
924 0 |9 2080  |a (DE-603)788623249  |b DE-2080  |c HES  |d d  |g /